000 00787nam a22002177a 4500
005 20080529103811.0
008 080529t xxu||||| |||| 00| 0 eng d
010 _aENG-90246
020 _a8183821588
_c450.00
035 _aEN-73779
037 _bDBAD / PUB
040 _aDPL
_bEN
082 _a181.45
100 _aGandhi, M.K.
245 _aThe Bhagavadgita:
_ba commentary /
_cby Mahatma Gandhi
260 _aNew Delhi
_bLotus Press
_c2008
300 _a328p.
_c25 cm (Hb)
490 _aIndia bookvarsity Lotus choices; edited by Mahendra Kulasrestha
942 _2ddc
_cEN
_h181.45
_mBHA
999 _c13092
_d13092